000 00517nam a22001577a 4500
005 20251108172008.0
008 250721s1986 xx 000 0 ara d
082 1 4 _a811.209/سيد
100 1 _aمحمد، السيد إبراهيم
245 1 0 _aقصيدة بانت سعاد لكعب بن زهير و أثرها في التراث العربي /
264 1 _aبيروت :
_bالمكتب الإسلامي،
_c1986.
300 _a312ص
650 1 7 _aالشعر المخضرم
942 _2ddc
_cBK
999 _c67816
_d67816